Statistics for U.S. States in Tornado Alley on a Map

Click here to take the quiz!

General Stats

  • This quiz has been taken 289 times
  • The average score is 10 of 11

Answers on the Map

Answers color-coded by a green-red scale on the quiz's map according to % correct below.
 

Answer Stats

Answer% Correct
Oklahoma
99%
Texas
99%
Kansas
98%
Colorado
96%
Iowa
96%
Nebraska
96%
New Mexico
95%
South Dakota
94%
Wyoming
94%
Minnesota
90%
Missouri
89%

Score Distribution

Percentile by Number Answered

Percent of People with Each Score

Your Score History

You have not taken this quiz